000
00221nam a22000977a 4500
999
_c
16181
_d
16181
003
OSt
008
200616b ||||| |||| 00| 0 eng d
100
_a
Frederick T Wood
_9
4600
245
_a
English verbal idioms
942
_c
BK